Normal view
MARC view
Entry Personal Name
001 - CONTROL NUMBER
- control field: 12142
003 - CONTROL NUMBER IDENTIFIER
- control field: ARRUPE
005 - DATE AND TIME OF LATEST TRANSACTION
- control field: 20141010125511.0
008 - FIXED-LENGTH DATA ELEMENTS
- fixed length control field: 141010|| aca||aabn | a|a d
040 ## - CATALOGING SOURCE
- Original cataloging agency: ARRUPE
- Transcribing agency: ARRUPE
100 ## - HEADING--PERSONAL NAME
- Personal name: Pufendorf, Samuel,
- Titles and other words associated with a name: Freiherr von,
- Dates associated with a name: 1632-1694.
670 ## - SOURCE DATA FOUND
- Source citation: Work cat.: (ARRUPE)0: Pufendorf, Samuel, Freiherr von, 1632-1694., The whole duty of man according to the law of nature /, 2002.